000 00401nam a2200157 4500
003 OSt
008 240702b |||||||| |||| 00| 0 eng d
020 _a9781786891709
082 _a153.153400
_bPID
100 _aPINK, Denial H.
245 _aDrive : The surprising truth about what motivates us
260 _aLondon
_bCanongate
_c2018
300 _axii,242p.
650 _aGeneral
942 _2ddc
_cBK
999 _c12759
_d12759